MotoGP Race Winners 2020s - Statistics

General Stats
  • This quiz has been taken 40 times
  • The average score is 15 of 21
Answer Stats
Year GP Winner % Correct
2020 Andalusian Fabio Quartararo
97%
2021 Aragon Francesco Bagnaia
93%
2021 German Marc Marquez
93%
2021 Styrian Jorge Martin
90%
2023 Argentine Marco Bezzecchi
90%
2025 Spanish Alex Marquez
87%
2025 Inonesian Fermin Aldeguer
80%
2023 Australian Johann Zarco
80%
2022 Qatar Enea Bastianini
77%
2025 Australian Raúl Fernandez
77%
2020 European Joan Mir
73%
2020 Emilia Romagna Maverick Viñales
67%
2020 Czech Brad Binder
63%
2023 Qatar Fabio Di Giannantonio
63%
2021 Spanish Jack Miller
63%
2020 San Marino Franco Morbidelli
60%
2020 Aragon Álex Rins
57%
2022 Argentine Aleix Espargaró
53%
2020 Styrian Miguel Oliveira
53%
2020 Austrian Andrea Dovizioso
47%
2020 French Danilo Petrucci
40%
No matching quizzes found
Score Distribution
Percent of People with Each Score
Percentile by Number Answered
Your Score History
You have not taken this quiz